[Event "Pilsen Region-chT 2223"]
[Site "Czech Republic"]
[Date "2023.04.02"]
[Round "11.5"]
[White "Danek, Vaclav"]
[Black "Grussova, Helena"]
[Result "0-1"]
[WhiteElo "1843"]
[BlackElo "2056"]
[PlyCount "58"]
[EventDate "2022.10.09"]
[EventType "team-tourn"]
[EventRounds "11"]
[EventCountry "CZE"]
[SourceTitle "EXT 2024"]
[Source "ChessBase"]
[SourceDate "2023.10.10"]
[SourceVersion "1"]
[SourceVersionDate "2023.10.10"]
[SourceQuality "1"]
[WhiteTeam "Loko"]
[BlackTeam "Line III"]
[WhiteTeamCountry "CZE"]
[BlackTeamCountry "CZE"]

1. e4 e5 2. Nf3 Nc6 3. Bb5 Nf6 4. d3 d6 5. c3 Be7 6. Nbd2 0-0 7. 0-0 Bg4 8. Re1 h6 9. Nf1 Nh7 10. Ng3 Ng5 11. Bxg5 Bxg5 12. h3 Bxf3 13. Qxf3 Ne7 14. Nf5 c6 15. Bc4 g6 16. Nxe7+ Qxe7 17. Rad1 Kh7 18. d4 f5 19. exf5 Rxf5 20. Qe2 d5 21. Bb3 e4 22. c4 Raf8 23. Rf1 Qf6 24. cxd5 cxd5 25. g4 Rf3 26. Bxd5 Rxh3 27. Qxe4 Bf4 28. Qe2 Qh4 29. Rfe1 Rh1+ 0-1

[Event "CZE-ch blitz (Women)"]
[Site "Prague"]
[Date "2018.12.22"]
[Round "10"]
[White "Grussova, Helena"]
[Black "Richtrova, Eliska"]
[Result "1-0"]
[WhiteElo "2070"]
[BlackElo "2172"]
[PlyCount "58"]
[EventDate "2018.12.22"]
[EventType "swiss (blitz)"]
[EventRounds "15"]
[EventCountry "CZE"]
[SourceTitle "CBM 187 Extra"]
[Source "ChessBase"]
[SourceDate "2018.11.04"]
[SourceVersion "1"]
[SourceVersionDate "2018.11.04"]
[SourceQuality "1"]

1. e4 d6 2. d4 Nf6 3. Bd3 g6 4. c3 Bg7 5. Ne2 0-0 6. 0-0 e5 7. h3 Nc6 8. Be3 Nh5 9. f4 exf4 10. Nxf4 Nxf4 11. Bxf4 Qe7 12. Nd2 Bd7 13. Qf3 a6 14. Rae1 b5 15. Bc2 Rab8 16. Qg3 b4 17. Bb3 bxc3 18. bxc3 Na5 19. e5 d5 20. Bxd5 Rb2 21. Bg5 Qe8 22. Qf4 Be6 23. Be4 Rxa2 24. Bf6 Qd7 25. Nf3 Nc4 26. Rd1 Bd5 27. Ng5 Bxe4 28. Qxe4 Nb6 29. Qh4 h5 1-0

[Event "CZE-ch blitz (Women)"]
[Site "Prague"]
[Date "2018.12.22"]
[Round "2"]
[White "Grussova, Helena"]
[Black "Rodshtein, Tereza"]
[Result "1-0"]
[WhiteElo "2070"]
[BlackElo "2265"]
[PlyCount "121"]
[EventDate "2018.12.22"]
[EventType "swiss (blitz)"]
[EventRounds "15"]
[EventCountry "CZE"]
[SourceTitle "CBM 187 Extra"]
[Source "ChessBase"]
[SourceDate "2018.11.04"]
[SourceVersion "1"]
[SourceVersionDate "2018.11.04"]
[SourceQuality "1"]

1. e4 e5 2. Nf3 Nc6 3. Bc4 Bc5 4. d3 Nf6 5. c3 a6 6. h3 Ba7 7. Bg5 h6 8. Bh4 d6 9. Nbd2 Be6 10. Qb3 Qc8 11. Bxf6 gxf6 12. Nh4 Ne7 13. Rf1 b5 14. Bxe6 Qxe6 15. 0-0-0 Qxb3 16. Nxb3 0-0-0 17. f4 Be3+ 18. Kb1 Bxf4 19. d4 d5 20. Nc5 dxe4 21. Nxe4 Nd5 22. Nf5 Rd7 23. g3 Be3 24. Rfe1 exd4 25. cxd4 Re8 26. Nc5 Rdd8 27. Nxa6 h5 28. Re2 h4 29. Rde1 hxg3 30. Nxe3 Nxe3 31. Rxe3 Rg8 32. Rg1 Rxd4 33. Rexg3 Rxg3 34. Rxg3 Ra4 35. Nc5 Rc4 36. Nd3 Rh4 37. Kc2 Kb7 38. Nc5+ Kc6 39. Nb3 Kb6 40. Rf3 Rh6 41. Nd4 c5 42. Nf5 Rh5 43. Nd6 Kc6 44. Ne4 f5 45. Nf6 Rg5 46. h4 Rg2+ 47. Kc3 b4+ 48. Kb3 Kb5 49. a4+ bxa3 50. Kxa3 Kc4 51. Rf4+ Kd3 52. Rxf5 Rh2 53. h5 c4 54. Rd5+ Kc2 55. Rc5 Kd3 56. Ng4 Re2 57. Rc7 f5 58. Rd7+ Kc2 59. Nf6 f4 60. Rc7 Kd3 61. Nd5 1-0

[Event "CZE-ch blitz (Women)"]
[Site "Prague"]
[Date "2018.12.22"]
[Round "14"]
[White "Grussova, Helena"]
[Black "Sikorova, Olga"]
[Result "0-1"]
[WhiteElo "2070"]
[BlackElo "2262"]
[PlyCount "76"]
[EventDate "2018.12.22"]
[EventType "swiss (blitz)"]
[EventRounds "15"]
[EventCountry "CZE"]
[SourceTitle "CBM 187 Extra"]
[Source "ChessBase"]
[SourceDate "2018.11.04"]
[SourceVersion "1"]
[SourceVersionDate "2018.11.04"]
[SourceQuality "1"]

1. e4 e6 2. d4 d5 3. exd5 exd5 4. c4 Nf6 5. Nc3 Bb4 6. Be3 0-0 7. a3 Bxc3+ 8. bxc3 Nc6 9. h3 Na5 10. c5 Re8 11. Nf3 Nc4 12. Bxc4 dxc4 13. 0-0 Nd5 14. Qd2 Nxe3 15. fxe3 Bf5 16. Ne5 Rxe5 17. Rxf5 Rxf5 18. e4 Rf6 19. Qe2 Qe7 20. e5 Qe6 21. Rb1 b6 22. d5 Qf5 23. Re1 Rg6 24. Rf1 Qd3 25. Qf2 Qxd5 26. cxb6 axb6 27. Kh1 h6 28. Qe2 Rxa3 29. Rd1 Qe6 30. Rd8+ Kh7 31. Rd2 Ra1+ 32. Kh2 Qf5 33. Rd4 Qf1 34. Qxf1 Rxf1 35. Rxc4 c5 36. g4 Re1 37. Kg3 Rxe5 38. Ra4 Re3+ 0-1

[Event "Teplice op 8th"]
[Site "Teplice"]
[Date "2013.06.22"]
[Round "8"]
[White "Grussova, Helena"]
[Black "Ksana, Vaclav"]
[Result "0-1"]
[WhiteElo "1997"]
[BlackElo "2106"]
[PlyCount "56"]
[EventDate "2013.06.15"]
[EventType "swiss"]
[EventRounds "9"]
[EventCountry "CZE"]
[SourceTitle "CBM 155 Extra"]
[Source "ChessBase"]
[SourceDate "2013.08.26"]
[SourceVersion "1"]
[SourceVersionDate "2013.08.26"]
[SourceQuality "1"]

1. e4 Nc6 2. d4 d5 3. exd5 Qxd5 4. Be3 e5 5. c4 Qa5+ 6. Nc3 exd4 7. Bxd4 Nxd4 8. Qxd4 Nf6 9. Bd3 Bc5 10. Qh4 Bg4 11. f3 0-0-0 12. 0-0-0 Rxd3 13. Rxd3 Bf5 14. Ne4 Be7 15. Qf4 g5 16. Qe3 Qxa2 17. Qd4 Rd8 18. Qc3 Qa1+ 19. Kc2 Nxe4 20. Rxd8+ Bxd8 21. fxe4 Bxe4+ 22. Kb3 Qd1+ 23. Ka3 Be7+ 24. b4 a5 25. Qh8+ Kd7 26. Nf3 Bxb4+ 27. Ka2 Qa4+ 28. Kb2 Qa3# 0-1

[Event "Teplice op 8th"]
[Site "Teplice"]
[Date "2013.06.19"]
[Round "5"]
[White "Grussova, Helena"]
[Black "Frijling, Jeroen"]
[Result "1-0"]
[WhiteElo "1997"]
[BlackElo "1826"]
[PlyCount "69"]
[EventDate "2013.06.15"]
[EventType "swiss"]
[EventRounds "9"]
[EventCountry "CZE"]
[SourceTitle "CBM 155 Extra"]
[Source "ChessBase"]
[SourceDate "2013.08.26"]
[SourceVersion "1"]
[SourceVersionDate "2013.08.26"]
[SourceQuality "1"]

1. e4 c5 2. Nf3 Nc6 3. d4 cxd4 4. Nxd4 e5 5. Nb5 d6 6. N1c3 a6 7. Na3 b5 8. Nd5 Nf6 9. Bg5 Be7 10. Nxe7 Nxe7 11. Bxf6 gxf6 12. c4 f5 13. cxb5 fxe4 14. Qa4 d5 15. bxa6+ Bd7 16. Bb5 Bxb5 17. Nxb5 0-0 18. Rc1 Qb6 19. a7 Nc6 20. b4 Nd4 21. Nxd4 exd4 22. 0-0 Rxa7 23. Qb3 e3 24. Qxd5 exf2+ 25. Rxf2 d3 26. Rd1 Rd8 27. Qg5+ Kf8 28. Kf1 Rd4 29. b5 Rb4 30. Qe5 Qd4 31. Qf5 Rb2 32. Rxb2 Qxb2 33. Qxd3 Rxa2 34. Qd8+ Kg7 35. Qg5+ 1-0

[Event "Teplice op 7th"]
[Site "Teplice"]
[Date "2012.06.16"]
[Round "1"]
[White "Grussova, Helena"]
[Black "Cernousek, Lukas"]
[Result "0-1"]
[WhiteElo "1952"]
[BlackElo "2440"]
[PlyCount "60"]
[EventDate "2012.06.16"]
[EventType "swiss"]
[EventRounds "9"]
[EventCountry "CZE"]
[SourceTitle "CBM 149 Extra"]
[Source "ChessBase"]
[SourceDate "2012.08.24"]
[SourceVersion "1"]
[SourceVersionDate "2012.08.24"]
[SourceQuality "1"]

1. e4 c5 2. Nf3 d6 3. d4 Nf6 4. Bd3 cxd4 5. Nxd4 Nc6 6. Ne2 g6 7. 0-0 Bg7 8. c3 0-0 9. f4 b6 10. Nd2 Bb7 11. Ng3 Qc7 12. Nf3 Rfe8 13. Qc2 Rac8 14. Qe2 Nd7 15. Ng5 Nc5 16. f5 Ne5 17. fxg6 hxg6 18. Bc4 e6 19. Bb5 Re7 20. b4 a6 21. Be3 axb5 22. bxc5 bxc5 23. Qxb5 Ra8 24. Qb3 Ba6 25. Rfd1 Qc6 26. Qc2 Bb5 27. Qf2 Ng4 28. Qd2 Nxe3 29. Qxe3 Ra3 30. Rdc1 Bd4 0-1

[Event "Karlovy Vary op"]
[Site "Karlovy Vary"]
[Date "2011.04.30"]
[Round "4"]
[White "Grussova, Helena"]
[Black "Molnar, Ladislav"]
[Result "1-0"]
[WhiteElo "1978"]
[BlackElo "1811"]
[PlyCount "68"]
[EventDate "2011.04.28"]
[EventType "swiss"]
[EventRounds "8"]
[EventCountry "CZE"]
[SourceTitle "CBM 142 Extra"]
[Source "ChessBase"]
[SourceDate "2011.06.27"]
[SourceVersion "1"]
[SourceVersionDate "2011.06.27"]
[SourceQuality "1"]

1. e4 e5 2. Nf3 Nc6 3. Bc4 Bc5 4. d3 h6 5. c3 d6 6. Nbd2 Nf6 7. h3 0-0 8. 0-0 Bb6 9. Re1 Na5 10. Bb5 Bd7 11. Bxd7 Qxd7 12. Nf1 Nc6 13. Ng3 Ne7 14. Nh4 g5 15. Nhf5 Nxf5 16. Nxf5 Kh7 17. Qf3 Qe6 18. d4 Ng8 19. h4 f6 20. Qh3 Kg6 21. g4 Kf7 22. hxg5 fxg5 23. Bxg5 Qg6 24. Be3 Nf6 25. Nxh6+ Ke7 26. Nf5+ Kf7 27. f3 Rh8 28. Qg3 Qh7 29. Kg2 Nh5 30. Qh4 Nf4+ 31. Bxf4 Qxh4 32. Nxh4 Rxh4 33. dxe5 dxe5 34. Bxe5 Rd8 1-0

[Event "CZE-chT2B 1011"]
[Site "Czech Republic"]
[Date "2011.02.06"]
[Round "7.6"]
[White "Grussova, Helena"]
[Black "Friml, Antonin"]
[Result "1/2-1/2"]
[WhiteElo "1985"]
[BlackElo "2143"]
[PlyCount "103"]
[EventDate "2010.10.17"]
[EventType "team-tourn"]
[EventRounds "11"]
[EventCountry "CZE"]
[SourceTitle "EXT 2012"]
[Source "ChessBase"]
[SourceDate "2011.11.24"]
[SourceVersion "1"]
[SourceVersionDate "2011.11.24"]
[SourceQuality "1"]
[WhiteTeam "Sokolov"]
[BlackTeam "Teplice"]
[WhiteTeamCountry "CZE"]
[BlackTeamCountry "CZE"]

1. e4 c5 2. Nf3 d6 3. d4 cxd4 4. Nxd4 Nf6 5. Nc3 a6 6. Be2 e6 7. Be3 Be7 8. 0-0 0-0 9. Kh1 b5 10. a3 Bb7 11. Bd3 Nc6 12. f3 Rc8 13. Nxc6 Bxc6 14. Ne2 e5 15. Ng3 d5 16. exd5 Nxd5 17. Qe2 Qc7 18. Rad1 Rfe8 19. c3 Bf8 20. Bb1 g6 21. Ne4 Bg7 22. Ba2 Nxe3 23. Qxe3 Re7 24. Rf2 Bxe4 25. Qxe4 Rd8 26. Rfd2 Rxd2 27. Rxd2 Bh6 28. Rd1 Kg7 29. Qd5 Bg5 30. Bb3 Qb6 31. c4 bxc4 32. Qxc4 a5 33. Qc3 Bf6 34. Qd3 e4 35. fxe4 Bxb2 36. Bd5 Be5 37. Rf1 Qd6 38. g3 h5 39. Qb3 Qc7 40. Kg2 h4 41. Rf2 hxg3 42. hxg3 Qd7 43. a4 Qg4 44. Qf3 Qxf3+ 45. Rxf3 Rc7 46. Rb3 Rc2+ 47. Kf3 f6 48. Be6 Kh6 49. Bd5 Kg5 50. Be6 Bd4 51. Rb5+ Be5 52. Rb3 1/2-1/2

[Event "Teplice op 5th"]
[Site "Teplice"]
[Date "2010.06.20"]
[Round "9"]
[White "Janda, Zdenek"]
[Black "Grussova, Helena"]
[Result "0-1"]
[WhiteElo "2180"]
[BlackElo "1957"]
[PlyCount "42"]
[EventDate "2010.06.12"]
[EventType "swiss"]
[EventRounds "9"]
[EventCountry "CZE"]
[SourceTitle "CBM 136 Extra"]
[Source "ChessBase"]
[SourceDate "2010.07.02"]
[SourceVersion "2"]
[SourceVersionDate "2010.07.15"]
[SourceQuality "1"]

1. c4 c6 2. b3 d5 3. cxd5 cxd5 4. Nf3 Bf5 5. Bb2 Nc6 6. g3 e6 7. Bg2 Nf6 8. 0-0 Bd6 9. d3 0-0 10. Nh4 Bg4 11. Nd2 Rc8 12. h3 Bh5 13. Nhf3 Bg6 14. a3 Nd7 15. b4 Qb6 16. Rb1 a6 17. Ba1 Bxg3 18. Kh1 Bxf2 19. Nb3 Be3 20. Qc2 Nd4 21. Qd1 Nf5 0-1

[Event "Teplice op 5th"]
[Site "Teplice"]
[Date "2010.06.15"]
[Round "4"]
[White "Grussova, Helena"]
[Black "Krehla, Milan"]
[Result "1-0"]
[WhiteElo "1957"]
[BlackElo "1823"]
[PlyCount "77"]
[EventDate "2010.06.12"]
[EventType "swiss"]
[EventRounds "9"]
[EventCountry "CZE"]
[SourceTitle "CBM 136 Extra"]
[Source "ChessBase"]
[SourceDate "2010.07.02"]
[SourceVersion "2"]
[SourceVersionDate "2010.07.15"]
[SourceQuality "1"]

1. e4 e5 2. Nf3 Nc6 3. Bc4 Bc5 4. c3 d6 5. d3 Nf6 6. h3 0-0 7. Bg5 h6 8. Bh4 Be6 9. Nbd2 a6 10. Bb3 d5 11. exd5 Bxd5 12. Bxd5 Qxd5 13. Bxf6 gxf6 14. Ne4 Be7 15. Nh4 Qe6 16. Qh5 f5 17. Nxf5 Bg5 18. Qg4 Ne7 19. Nxh6+ Qxh6 20. Qxg5+ Qxg5 21. Nxg5 Rad8 22. 0-0-0 Rd6 23. Ne4 Rg6 24. g4 b6 25. Rdg1 Nd5 26. Kc2 Nf4 27. Rg3 Kg7 28. Kd2 f5 29. gxf5 Rxf5 30. Rhg1 Rxg3 31. Nxg3 Rf8 32. Nh5+ Kh6 33. Nxf4 Rxf4 34. Ke3 Rh4 35. Rg3 c5 36. Kf3 Kh5 37. Kg2 Ra4 38. a3 c4 39. Re3 1-0

[Event "CZE-chTW U20 0910"]
[Site "Czech Republic"]
[Date "2010.01.23"]
[Round "6.2"]
[White "Grussova, Helena"]
[Black "Palkova, Nikola"]
[Result "1-0"]
[WhiteElo "1963"]
[BlackElo "1714"]
[PlyCount "81"]
[EventDate "2009.10.03"]
[EventType "team-tourn"]
[EventRounds "7"]
[EventCountry "CZE"]
[SourceTitle "EXT 2011"]
[Source "ChessBase"]
[SourceDate "2010.11.26"]
[SourceVersion "1"]
[SourceVersionDate "2010.11.26"]
[SourceQuality "1"]
[WhiteTeam "Udlice (U20)"]
[BlackTeam "Plzen (U20)"]
[WhiteTeamCountry "CZE"]
[BlackTeamCountry "CZE"]

1. e4 e5 2. Nf3 Nc6 3. Bc4 Bc5 4. c3 d6 5. d3 Nf6 6. Bg5 h6 7. Bh4 Be6 8. Bb5 0-0 9. 0-0 a6 10. Ba4 Qe7 11. Bc2 Bg4 12. Nbd2 Qe6 13. Bb3 Qe7 14. h3 Bh5 15. Re1 Bb6 16. Nf1 Na5 17. Bc2 Qe6 18. b4 Nc6 19. Bb3 Qe7 20. Ng3 Bg6 21. Nh2 Nb8 22. Ng4 Nbd7 23. Qd2 Kh7 24. d4 c6 25. Ne3 Bd8 26. Nef5 Bxf5 27. Nxf5 Qe8 28. Nxd6 Qe7 29. Nxb7 Bc7 30. Nc5 Rfd8 31. Rad1 Nxc5 32. bxc5 Ba5 33. Qc2 Kg8 34. Re3 Bc7 35. Bxf6 gxf6 36. Qe2 Kh7 37. Qh5 Rd7 38. Qf5+ Kh8 39. d5 cxd5 40. exd5 Bd8 41. Bc2 1-0

[Event "CZE-chTW U20 0910"]
[Site "Czech Republic"]
[Date "2010.01.23"]
[Round "7.2"]
[White "Nguyen, Dinh Phong"]
[Black "Grussova, Helena"]
[Result "1-0"]
[WhiteElo "2163"]
[BlackElo "1963"]
[PlyCount "59"]
[EventDate "2009.10.03"]
[EventType "team-tourn"]
[EventRounds "7"]
[EventCountry "CZE"]
[SourceTitle "EXT 2011"]
[Source "ChessBase"]
[SourceDate "2010.11.26"]
[SourceVersion "1"]
[SourceVersionDate "2010.11.26"]
[SourceQuality "1"]
[WhiteTeam "Klatovy (U20)"]
[BlackTeam "Udlice (U20)"]
[WhiteTeamCountry "CZE"]
[BlackTeamCountry "CZE"]

1. e4 e5 2. Nf3 Nc6 3. Bc4 d6 4. d4 exd4 5. Nxd4 Nf6 6. Nc3 Be7 7. 0-0 Ne5 8. Be2 0-0 9. f4 Ng6 10. Qe1 Re8 11. f5 Ne5 12. Qg3 c6 13. Be3 b5 14. a3 Bb7 15. Bh6 Bf8 16. Rad1 a6 17. Nf3 Qb6+ 18. Kh1 Neg4 19. Bg5 h6 20. Bh4 Be7 21. Nd4 Ne5 22. b4 a5 23. Qh3 axb4 24. axb4 Nh7 25. Bxe7 Rxe7 26. f6 Nxf6 27. Rxf6 gxf6 28. Nf5 Kf8 29. Qxh6+ Ke8 30. Nxd6+ 1-0

[Event "Pardubice KV op"]
[Site "Pardubice"]
[Date "2010.??.??"]
[Round "2"]
[White "Klecker, Tadeas"]
[Black "Grussova, Helena"]
[Result "1/2-1/2"]
[WhiteElo "2220"]
[BlackElo "1955"]
[PlyCount "111"]
[EventDate "2010.07.??"]
[EventType "swiss"]
[EventRounds "7"]
[EventCountry "CZE"]
[SourceTitle "EXT 2012"]
[Source "ChessBase"]
[SourceDate "2011.11.24"]
[SourceVersion "1"]
[SourceVersionDate "2011.11.24"]
[SourceQuality "1"]

1. d4 d5 2. Nf3 Nf6 3. c4 c6 4. cxd5 cxd5 5. Nc3 Nc6 6. Bf4 a6 7. e3 e6 8. Rc1 Bb4 9. Bd3 0-0 10. 0-0 Bxc3 11. Rxc3 Ne4 12. Re1 f6 13. h3 Bd7 14. a3 Be8 15. Nd2 Nxd2 16. Qxd2 e5 17. dxe5 fxe5 18. Bg3 Qf6 19. Bb1 Rd8 20. Ba2 Bf7 21. Rc5 d4 22. Bxf7+ Rxf7 23. exd4 exd4 24. Qd3 g6 25. Rd1 Re7 26. Rc2 Rde8 27. Rcd2 Rd7 28. Re2 Rde7 29. Rxe7 Rxe7 30. Qc4+ Qe6 31. Qxe6+ Rxe6 32. Kf1 Kf7 33. Rd2 Re7 34. f3 Ke6 35. Ke2 Kd5+ 36. Kd1 Rd7 37. Kc2 b5 38. Re2 Re7 39. Rxe7 Nxe7 40. Kd3 Nc6 41. f4 Na5 42. Bf2 Nb3 43. Kc2 Nc5 44. g4 d3+ 45. Kd1 Na4 46. b3 Nc3+ 47. Ke1 Ke4 48. Ba7 Nb1 49. Bb8 Nxa3 50. h4 Nc2+ 51. Kd2 Nd4 52. f5 gxf5 53. g5 Nxb3+ 54. Kd1 f4 55. h5 f3 56. Bg3 1/2-1/2

[Event "Pardubice KV op"]
[Site "Pardubice"]
[Date "2010.??.??"]
[Round "6"]
[White "Pribyl, Jaroslav1111"]
[Black "Grussova, Helena"]
[Result "1/2-1/2"]
[WhiteElo "2000"]
[BlackElo "1955"]
[PlyCount "105"]
[EventDate "2010.07.??"]
[EventType "swiss"]
[EventRounds "7"]
[EventCountry "CZE"]
[SourceTitle "EXT 2012"]
[Source "ChessBase"]
[SourceDate "2011.11.24"]
[SourceVersion "1"]
[SourceVersionDate "2011.11.24"]
[SourceQuality "1"]

1. e4 e5 2. Bc4 Nc6 3. Nf3 d6 4. d4 exd4 5. Nxd4 Nf6 6. Nc3 Be7 7. 0-0 0-0 8. Re1 a6 9. a4 Ne5 10. Be2 c6 11. a5 Ned7 12. Nf5 Nc5 13. Nxe7+ Qxe7 14. Bg5 Rd8 15. Bd3 Qe5 16. Qd2 Ne6 17. Bh4 Nf4 18. Bg3 N6h5 19. Na4 Nxg3 20. hxg3 Nh5 21. Nb6 Rb8 22. Nc4 Qf6 23. c3 Be6 24. Rad1 Qe7 25. Ne3 Qg5 26. b4 d5 27. exd5 Bxd5 28. Qc2 Nf6 29. Nf5 Be6 30. Re5 Ng4 31. Rc5 Qf6 32. Nd4 Qh6 33. Nxe6 fxe6 34. Rc4 Qh5 35. Re1 Rf8 36. Rf4 Rxf4 37. gxf4 Qh2+ 38. Kf1 Qh1+ 39. Ke2 Qxg2 40. Bxh7+ Kh8 41. Kd1 Qh2 42. Bg6 Qxf4 43. Qe2 Rd8+ 44. Kc2 Rd6 45. f3 Nh6 46. Rd1 Kg8 47. Rxd6 Qxd6 48. Qe4 Qd5 49. Qxd5 cxd5 50. Kd3 Kf8 51. Kd4 Ke7 52. c4 dxc4 53. Kxc4 1/2-1/2

[Event "CZE-chTW U20 0910"]
[Site "Czech Republic"]
[Date "2009.10.03"]
[Round "1.2"]
[White "Grussova, Helena"]
[Black "Balacek, Tadeas"]
[Result "0-1"]
[WhiteElo "1963"]
[BlackElo "2133"]
[PlyCount "80"]
[EventDate "2009.10.03"]
[EventType "team-tourn"]
[EventRounds "7"]
[EventCountry "CZE"]
[SourceTitle "EXT 2011"]
[Source "ChessBase"]
[SourceDate "2010.11.26"]
[SourceVersion "1"]
[SourceVersionDate "2010.11.26"]
[SourceQuality "1"]
[WhiteTeam "Udlice (U20)"]
[BlackTeam "Praha Oaza (U20)"]
[WhiteTeamCountry "CZE"]
[BlackTeamCountry "CZE"]

1. e4 e6 2. d4 d5 3. exd5 exd5 4. c4 Nf6 5. Nc3 Be7 6. h3 0-0 7. Nf3 c6 8. Be3 Bf5 9. Qb3 Na6 10. a3 Nc7 11. Be2 Rb8 12. 0-0 dxc4 13. Bxc4 Ncd5 14. Rfe1 Nxc3 15. bxc3 b5 16. Bf1 Be6 17. Qc2 Nd5 18. Bd3 h6 19. Qd2 Nxe3 20. Qxe3 Qd6 21. Qe4 g6 22. Ne5 Bd5 23. Qg4 Rbd8 24. Bxg6 fxg6 25. Nxg6 Bg5 26. Nxf8 Rxf8 27. Re5 Qf6 28. f3 Qf4 29. Qd7 Qg3 30. Re8 Bf4 31. Rxf8+ Kxf8 32. Qd8+ Kf7 33. Qd7+ Kf8 34. Qd8+ Kf7 35. Qd7+ Kf6 36. Qd8+ Kg7 37. Qe7+ Bf7 38. Ra2 Bd6 39. Qe2 Bxa2 40. Qxa2 Qe1# 0-1

[Event "Teplice op 4th"]
[Site "Teplice"]
[Date "2009.06.18"]
[Round "6"]
[White "Van Dooren, Dirk"]
[Black "Grussova, Helena"]
[Result "1-0"]
[WhiteElo "2301"]
[BlackElo "1905"]
[PlyCount "107"]
[EventDate "2009.06.13"]
[EventType "swiss"]
[EventRounds "9"]
[EventCountry "CZE"]
[SourceTitle "CBM 130 Extra"]
[Source "ChessBase"]
[SourceDate "2009.07.02"]
[SourceVersion "2"]
[SourceVersionDate "2009.07.15"]
[SourceQuality "1"]

1. e4 e5 2. f4 d5 3. exd5 c6 4. Qe2 cxd5 5. fxe5 Nc6 6. Nf3 Bc5 7. c3 d4 8. cxd4 Bxd4 9. Qe4 Nge7 10. Bb5 0-0 11. Nc3 Bf5 12. Qf4 Nb4 13. Nxd4 Qxd4 14. Qxd4 Nc2+ 15. Kf2 Nxd4 16. b3 Nc2 17. Rb1 Ng6 18. Bb2 Nxe5 19. Nd5 Ng6 20. Rbd1 Rfd8 21. Ne3 Nxe3 22. dxe3 Rac8 23. Rxd8+ Rxd8 24. Bc3 Be4 25. Rc1 Ne7 26. g4 h6 27. a4 Nd5 28. Bd4 a6 29. Be2 Nb4 30. Rc7 Bc6 31. Re7 Nd5 32. Re5 Nf6 33. Ke1 Bd5 34. b4 Rc8 35. g5 hxg5 36. Rxg5 Rc1+ 37. Bd1 Bb3 38. Bxf6 Rxd1+ 39. Ke2 g6 40. Re5 Bxa4 41. b5 g5 42. Rxg5+ Kh7 43. Rg7+ Kh6 44. Rxf7 Rh1 45. b6 Rxh2+ 46. Kd3 Bc6 47. Be5 Bb5+ 48. Ke4 Rc2 49. Kf5 Rc5 50. Rxb7 Be8 51. Re7 Bg6+ 52. Kg4 Bh5+ 53. Kg3 Rc6 54. b7 1-0

[Event "Teplice op 4th"]
[Site "Teplice"]
[Date "2009.06.16"]
[Round "4"]
[White "Korschner, Miroslav"]
[Black "Grussova, Helena"]
[Result "0-1"]
[WhiteElo "2081"]
[BlackElo "1905"]
[PlyCount "80"]
[EventDate "2009.06.13"]
[EventType "swiss"]
[EventRounds "9"]
[EventCountry "CZE"]
[SourceTitle "CBM 130 Extra"]
[Source "ChessBase"]
[SourceDate "2009.07.02"]
[SourceVersion "2"]
[SourceVersionDate "2009.07.15"]
[SourceQuality "1"]

1. Nf3 d5 2. d4 Nf6 3. c4 c6 4. Nc3 e6 5. Bg5 Nbd7 6. e3 Be7 7. Qc2 dxc4 8. Bxc4 b5 9. Be2 Bb7 10. 0-0 a6 11. Rad1 0-0 12. Bxf6 Nxf6 13. Ne5 Qc7 14. f4 c5 15. a3 Rac8 16. Bf3 b4 17. axb4 cxb4 18. Bxb7 Qxb7 19. Qb3 Qc7 20. Na4 Ne4 21. Qd3 Qc2 22. b3 Qxd3 23. Rxd3 Rc2 24. Nc4 Nc3 25. Nxc3 bxc3 26. Ra1 Bb4 27. Kf1 a5 28. e4 Rc8 29. Rdd1 Kf8 30. f5 exf5 31. e5 f4 32. h3 Rc6 33. Rac1 Rb2 34. Rb1 Rxb1 35. Rxb1 a4 36. d5 Rc5 37. Nb6 c2 38. Rc1 axb3 39. Nd7+ Ke8 40. Nxc5 Bxc5 0-1

[Event "Teplice op 4th"]
[Site "Teplice"]
[Date "2009.06.15"]
[Round "3"]
[White "Grussova, Helena"]
[Black "Chmelik, Jiri"]
[Result "1/2-1/2"]
[WhiteElo "1905"]
[BlackElo "2140"]
[PlyCount "56"]
[EventDate "2009.06.13"]
[EventType "swiss"]
[EventRounds "9"]
[EventCountry "CZE"]
[SourceTitle "CBM 130 Extra"]
[Source "ChessBase"]
[SourceDate "2009.07.02"]
[SourceVersion "2"]
[SourceVersionDate "2009.07.15"]
[SourceQuality "1"]

1. e4 c5 2. Nf3 d6 3. d4 cxd4 4. Nxd4 Nf6 5. Nc3 e6 6. Be3 Be7 7. Bd3 Nc6 8. h3 a6 9. 0-0 Qc7 10. Qe1 0-0 11. f4 Bd7 12. Bf2 b5 13. a3 Nxd4 14. Bxd4 Bc6 15. e5 dxe5 16. fxe5 Nd7 17. Ne4 Bxe4 18. Qxe4 g6 19. b4 Rae8 20. Rac1 Nb6 21. Be3 f5 22. Qd4 Nc4 23. Bxc4 bxc4 24. Bh6 Rd8 25. Qf4 Rfe8 26. Rcd1 Rxd1 27. Rxd1 Rd8 28. Rxd8+ Bxd8 1/2-1/2

[Event "Teplice op 4th"]
[Site "Teplice"]
[Date "2009.06.13"]
[Round "1"]
[White "Grussova, Helena"]
[Black "Hausner, Ivan"]
[Result "0-1"]
[WhiteElo "1905"]
[BlackElo "2393"]
[PlyCount "40"]
[EventDate "2009.06.13"]
[EventType "swiss"]
[EventRounds "9"]
[EventCountry "CZE"]
[SourceTitle "CBM 130 Extra"]
[Source "ChessBase"]
[SourceDate "2009.07.02"]
[SourceVersion "2"]
[SourceVersionDate "2009.07.15"]
[SourceQuality "1"]

1. e4 Nf6 2. e5 Nd5 3. d4 Nb6 4. c4 d6 5. exd6 cxd6 6. Nc3 g6 7. h3 Bg7 8. Nf3 0-0 9. Be2 Nc6 10. 0-0 Bf5 11. a3 Rc8 12. b3 e5 13. d5 e4 14. dxc6 exf3 15. cxb7 fxe2 16. bxc8Q exd1Q 17. Qxd8 Qxf1+ 18. Kxf1 Rxd8 19. Bd2 Bc2 20. Rc1 Bxb3 0-1

[Event "CZE/SVK-chT (Women)"]
[Site "Frydek Mistek"]
[Date "2009.05.15"]
[Round "3"]
[White "Grussova, Helena"]
[Black "Turkova, Karolina"]
[Result "0-1"]
[WhiteElo "1905"]
[BlackElo "1765"]
[PlyCount "86"]
[EventDate "2009.05.14"]
[EventType "team-tourn"]
[EventRounds "7"]
[EventCountry "CZE"]
[SourceTitle "CBM 130 Extra"]
[Source "ChessBase"]
[SourceDate "2009.07.02"]
[SourceVersion "2"]
[SourceVersionDate "2009.07.15"]
[SourceQuality "1"]
[WhiteTeam "Usti nad Labem (W)"]
[BlackTeam "Liptov Chess School (W)"]
[WhiteTeamCountry "CZE"]
[BlackTeamCountry "SVK"]

1. e4 e5 2. Nf3 Nc6 3. Bc4 Nf6 4. Ng5 d5 5. exd5 Na5 6. Bb5+ c6 7. dxc6 bxc6 8. Be2 h6 9. Nf3 e4 10. Ne5 Bc5 11. c3 Bd6 12. d4 exd3 13. Nxd3 Qc7 14. h3 0-0 15. b3 c5 16. 0-0 Bb7 17. Bb2 c4 18. Ne1 Rad8 19. Nd2 Bf4 20. Bc1 Ne4 21. Nef3 Nxc3 22. Qe1 Rfe8 23. Ne4 Nxe2+ 24. Qxe2 Bxe4 25. Bxf4 Qxf4 26. Rfe1 Bc6 27. Qc2 cxb3 28. axb3 Bxf3 29. gxf3 Rxe1+ 30. Rxe1 Qb4 31. Rf1 Qxb3 32. Qf5 Nc6 33. Kg2 Qd5 34. Qc2 Nd4 35. Qc3 Qg5+ 36. Kh2 Qf4+ 37. Kg2 Nf5 38. Rg1 Nh4+ 39. Kh1 Qxf3+ 40. Qxf3 Nxf3 41. Ra1 Ra8 42. Kg2 Nd4 43. Ra4 Ne6 0-1